La tutoria como una propuesta para apoyar el proceso educativo (Record no. 71639)
[ view plain ]
| 000 -CABECERA | |
|---|---|
| campo de control de longitud fija | 00544nam a2200193 a 4500 |
| 005 - FECHA Y HORA DE LA ÚLTIMA TRANSACCIÓN | |
| campo de control | 20210219153232.0 |
| 008 - ELEMENTOS DE LONGITUD FIJA--INFORMACIÓN GENERAL | |
| campo de control de longitud fija | 991125n 000 0 spa u |
| 035 ## - NÚMERO DE CONTROL DEL SISTEMA | |
| Número de control de sistema | UPN01000085003 |
| 100 1# - ASIENTO PRINCIPAL--NOMBRE PERSONAL | |
| Nombre de persona | Escamilla Salazar, Jesús |
| 222 #0 - TÍTULO CLAVE | |
| Título clave | PLANEACION Y EVALUACION EDUCATIVA |
| 245 03 - MENCIÓN DE TÍTULO | |
| Título | La tutoria como una propuesta para apoyar el proceso educativo |
| 300 ## - DESCRIPCIÓN FÍSICA | |
| Extensión | 13-17 |
| 362 0# - FECHAS DE PUBLICACIÓN Y/O DESIGNACIÓN SECUENCIAL | |
| Fecha de publicación y/o designación secuencial | 1999 Vol. 6, no. 19 |
| 653 0# - TERMINO DE INDIZACION - NO CONTROLADO | |
| Término no controlado | TUTOR |
| 653 0# - TERMINO DE INDIZACION - NO CONTROLADO | |
| Término no controlado | TUTORIA |
| 700 1# - ASIENTO SECUNDARIO--NOMBRE DE PERSONAL | |
| Nombre de persona | Guzmán Alvarez, Sergio, |
| Término indicativo de función/relación | coaut. |
| 904 ## - ELEMENTOS DE DATOS D LOCAL, LDD (RLIN) | |
| a | AC |
| b | 022814 |
| 905 ## - TIPO DE MATERIAL | |
| Tipo de material | Articulo |
No items available.
